000 00734nam a2200205 i 4500
001 129211
003 ES-MaACL
005 20250830035358.0
007 t|
008 070608s1971 sp |||| | spa d
245 0 0 _aTeología del sacerdocio
_b: el sacerdote ministro de la Iglesia /
_cpor Jesús Hernández, O.S.A., José Hernando Pérez, Venancio Caprioli, O.C.D.
260 _aBurgos :
_bAldecoa,
_c1971.
300 _a323 p. ;
_c21 cm.
500 _aPrecede al tít.: Facultad de Teología del Norte de España.
650 _aSacerdocio.
_9143867
700 1 _aHernández, Jesús
_c(O.S.A.)
_9166880
710 2 _aFacultad de Teología del Norte de España
_94072
852 _aES-MaACL
_jC-47794
999 _c129211
_d129211